| 000 | 01259nam a2200361 a 4500 | ||
|---|---|---|---|
| 005 | 20151217083316.0 | ||
| 008 | 140224b1997 ck ||||| |||| 00| 0 spa d | ||
| 040 |
_aCO-BoIAVH _cCO-BoIAVH |
||
| 041 | _aspa | ||
| 044 | _ack | ||
| 090 |
_aLB _b00939 |
||
| 100 |
_aHoyos Gómez, Ana Aracelly _910073 |
||
| 245 |
_aCacería, comunidades negras santa cecilia: _bManejo de fauna silvestre en territorio de comunidades negras del Alto San Juan |
||
| 260 |
_aPereira _bCARDER _c1997 |
||
| 300 | _a70 p. | ||
| 650 |
_aCacería _944677 |
||
| 650 |
_aComunidades negras _944678 |
||
| 650 |
_aEtnozoología _93633 |
||
| 650 |
_aImpacto humano _93679 |
||
| 650 |
_aExtinciones locales _910075 |
||
| 650 |
_aManejo sostenible _944679 |
||
| 650 |
_aFauna silvestre _944680 |
||
| 662 |
_aColombia _cRío San Juan _bRisaralda |
||
| 700 |
_aAgudelo de la Torre, Javier Enrique _910077 |
||
| 700 |
_aEspinosa Henao, Oscar Mauricio _910078 |
||
| 700 |
_aBonilla Torres, Rocío _910079 |
||
| 700 |
_aMurillo Mosquera, Aristobulo _910080 |
||
| 700 |
_aAndrade Cárdenas, Cristina _910081 |
||
| 700 |
_aSerna Murillo, Francisco Antonio _910082 |
||
| 700 |
_aHinestroza Palacio, Luis Antonio _910083 |
||
| 700 |
_aRivas Barco, Marco Aurelio _910084 |
||
| 942 |
_cINFORME _2z |
||
| 999 |
_c951 _d951 |
||